| 000 | 00977nam a22002777a 4500 | ||
|---|---|---|---|
| 003 | DO-SdBPM | ||
| 005 | 20241213075420.0 | ||
| 008 | 151113b2004 it |||| 00| 0 spa d | ||
| 020 | _a8888405232 | ||
| 040 |
_aDO-SdBPM _bsp _cBPMSU |
||
| 082 | 4 |
_a853.8 _bC714a 2004 _222 |
|
| 092 |
_axxxx _bxxxx |
||
| 100 | 1 |
_aCollodi, Carlo, _d1826-1890. |
|
| 245 | 1 | 0 |
_aAventuras de Pinocho : _bhistoria de un muñeco / _cCarlo Collodi ; traducción de Excilia Saldaña ; ilustraciones de Carlo Chiostri ; edición de Danilo Manera. |
| 260 |
_aItalia : _bEditorial Gente Nueva, _c2004. |
||
| 300 |
_a183 p. : _bil. ; _c17 cm. _6 |
||
| 490 | 0 |
_aUn mar de sueños, _v18 |
|
| 590 | _aInventariado, 2024/VM | ||
| 650 | 4 | _aCuentos juveniles italianos | |
| 650 | 4 | _aLiteratura juvenil italiana | |
| 700 | 1 |
_aChiostri, Carlo, _eilustración |
|
| 700 | 1 |
_aSaldaña, Excilia, _etraductor |
|
| 700 | 1 | 2 | _aMadera, Danilo |
| 910 | _aVMateo V. Control de calidad. BPMSU | ||
| 942 |
_2ddc _cBK |
||
| 999 |
_c8700 _d8700 |
||